Fr. Conceicao Rodrigues College of Engineering

Fund of Welding Metallurgy (Record no. 17778)

MARC details
000 -LEADER
fixed length control field 00302nam a2200145Ia 4500
082 ## - DEWEY DECIMAL CLASSIFICATION NUMBER
Classification number 671.52
Item number GRA
100 ## - MAIN ENTRY--PERSONAL NAME
Personal name Granjon/ H.
245 ## - TITLE STATEMENT
Title Fund of Welding Metallurgy
260 ## - PUBLICATION, DISTRIBUTION, ETC.
Name of publisher, distributor, etc. Jaico Pub
Place of publication, distribution, etc. Bombay
Date of publication, distribution, etc. 1994
300 ## - PHYSICAL DESCRIPTION
Extent 210
546 ## - LANGUAGE NOTE
Language note ENGLISH
654 ## - SUBJECT ADDED ENTRY--FACETED TOPICAL TERMS
Focus term Welding
942 ## - ADDED ENTRY ELEMENTS (KOHA)
Koha item type BOOK
Holdings
Withdrawn status Lost status Damaged status Not for loan Collection Home library Current library Shelving location Date acquired Total Checkouts Full call number Barcode Date last seen Price effective from Koha item type
        CRC Fr. Agnel's C.Rodrigues College of Engineering Fr. Agnel's C.Rodrigues College of Engineering   17/03/2023   671.52 GRA 8444 17/03/2023 17/03/2023 BOOK